| 000 | 00790nam a22001577a 4500 | ||
|---|---|---|---|
| 003 | OSt | ||
| 005 | 20151008095732.0 | ||
| 008 | 151008b xxu||||| |||| 00| 0 eng d | ||
| 040 | _cRUA | ||
| 082 | _aAVM MEY 2007 B079 Or.1 | ||
| 100 |
_92342 _aMEY, SINATH. |
||
| 245 | _asurvey on smallholder's sow raising in snowkrorpeu commune kongpisey district kampong speu province (ការអង្កេតលើការចិញ្ចឹមជ្រូកមេយកកូនជាលក្ខណៈគ្រួសាររបស់ប្រជាកសិករនៅឃុំស្នំក្រពើ ស្រុកគងពិសី ខេត្តកំពង់ស្ពឺ) | ||
| 260 |
_aPhnom Penh _bRUA _cAVM MEY 2007 B079 Or.1 |
||
| 300 |
_aviii, 52p. _bill. _c29cm. |
||
| 942 |
_2ddc _cAVM |
||
| 999 |
_c2208 _d2208 |
||